000 01878nam a22004937a 4500
001 000095448
003 CHAP
005 20220329143110.0
008 060320d2005 mx d r 00110 spa d
010 _a91914
011 _a92886
035 _a103453
040 _cCHAP
090 _aTesis
100 0 0 _aCañada Melecio, María Rocío Guadalupe.
_918675
245 1 4 _aLas microempresas de mujeres en Guanajuato, logros y obstaculos. Un análisis desde la perspectiva de género /
_c/por Ma. Rocio Guadalupe Cañada Melecio.
260 _aChapingo, Méx. :
_bEl autor,
_c2005.
300 _a90 h. :
_bgráfs. ; cuadros.
502 _aTesis (M. C. en Sociología Rural) -- UACH. Departamento de Sociología Rural
590 _aALEPH
_b10
_c20130110
_lUCH01
_h1510
590 _aBATCH-UPD
_b10
_c20130110
_lUCH01
_h0055
590 _aBATCH-UPD
_b10
_c20130110
_lUCH01
_h1918
590 _aBATCH-UPD
_b10
_c20130409
_lUCH01
_h2043
590 _aBATCH-UPD
_b10
_c20130410
_lUCH01
_h1244
590 _aBATCH-UPD
_b10
_c20130914
_lUCH01
_h0838
590 _aBATCH-UPD
_b10
_c20140324
_lUCH01
_h1455
590 _aBATCH-UPD
_b10
_c20141002
_lUCH01
_h0829
590 _aBATCH
_b00
_c20181121
_lUCH01
_h0759
590 _aCONVERSION
_b10
_c20130109
_lUCH01
_h1351
590 _aE12093SGE
_b10
_c20130709
_lUCH01
_h1319
650 1 4 _aEmpresas pequeñas.
_936658
650 1 4 _aEnfoque de género.
_936945
650 1 4 _aMujer
_xActividad política.
_979313
650 1 4 _aMujer
_zGuanajuato.
_979351
650 1 4 _aTrabajo de la mujer.
_9114490
856 _3Finding aid
_uhttp://10.13.5.2/tesis/103453.pdf
_zTeclea aquí
856 _a1
_n0001219
901 _aBK
905 _aMarco A. Mendoza T.
942 _cFOLL
942 _n0
949 _aTesis
_bBC
_cTES
_d00000001034531
_eTS1
_gDonaciØn
_h44943
_i103453
_sb
949 _aTesis
_bBC
_cTES
_d33724000980553
_eTS2
_fc.2
_gDonaciØn
_h44944
_i103453
_sb
999 _c91914
_d91914